Catalog

Record Details

Catalog Search



Aurora Leigh / Elizabeth Barrett Browning ; edited ... Read More

Available copies

  • 3 of 3 copies available at LARL/NWRL Consortium. (Show)
  • 3 of 3 copies available at Lake Agassiz Regional Library.

Current holds

0 current holds with 3 total copies.

Show Only Available Copies
Location Call Number / Copy Notes Barcode Shelving Location Status Due Date
Crookston Public Library BRO (Text) 33500011780319 Main Available -
Moorhead Public Library BRO (Text) 33500011780301 Main Available -
Moorhead Public Library BRO (Text) 33500011780335 Main Available -

Record details

  • ISBN: 9780199552337 (pbk.)
  • ISBN: 0199552339 (pbk.)
  • Physical Description: xliv, 361 p. ; 20 cm.
  • Publisher: Oxford ; Oxford University Press, 2008

Content descriptions

Bibliography, etc. Note:
Includes bibliographical references.
LDR 01679cam a2200397 a 4500
001158317
003LARL_NWRL_CONSORTIUM
00520131024094544.0
008081121r20081993enk b 000 0 eng
015 . ‡aGBA858735 ‡2bnb
0167 . ‡a014595478 ‡2Uk
019 . ‡a226280390
020 . ‡a9780199552337 (pbk.)
020 . ‡a0199552339 (pbk.)
035 . ‡a(OCoLC)318190183 ‡z(OCoLC)226280390
08200. ‡a821/.8 ‡222
084 . ‡aHL 2123 ‡2rvk
1001 . ‡aBrowning, Elizabeth Barrett, ‡d1806-1861. ‡0(LARL_NWRL_CONSORTIUM)58139
24510. ‡aAurora Leigh / ‡cElizabeth Barrett Browning ; edited with an introduction and notes by Kerry McSweeney.
260 . ‡aOxford ; ‡aNew York : ‡bOxford University Press, ‡c2008
300 . ‡axliv, 361 p. ; ‡c20 cm.
4900 . ‡aOxford world's classics
504 . ‡aIncludes bibliographical references.
7001 . ‡aMcSweeney, Kerry, ‡d1941-
901 . ‡a158317 ‡bOCLC ‡c158317 ‡tbiblio

Additional Resources